| 000 | 00996cam a2200277 a 4500 | ||
|---|---|---|---|
| 999 |
_c7783 _d7783 |
||
| 005 | 20200521120430.0 | ||
| 008 | 090818s2008 ii a g 000 0deng d | ||
| 010 | _a 2009305083 | ||
| 020 | _a9788190878906 | ||
| 025 | _aI-E-2009-305083; 17-92 | ||
| 035 | _a(OCoLC)ocn432588445 | ||
| 035 | _a(OCoLC)432588445 | ||
| 037 |
_aLibrary of Congress -- New Delhi Overseas Office _cRs3500.00 |
||
| 040 |
_aDKAGE _beng _cDKAGE _dDLC |
||
| 042 |
_alccopycat _alcode |
||
| 043 | _aa-ii--- | ||
| 050 | 0 | 0 |
_aNA1505 _b.G65 2008 |
| 082 | 0 | 4 |
_a720.954FLA _222 |
| 245 | 0 | 0 |
_aVersatile Indian Architects _bthe power of architecture / _c[compiled by Dhwaj Shah]. |
| 260 |
_aMumbai, India : _bWhite Flag Media & Communications, _c[2008?] |
||
| 300 |
_aix, 273 p. : _bill. (chiefly col.) ; _c25 x 37 cm + _e1 CD-ROM. |
||
| 650 | 0 |
_aArchitecture _zIndia _xHistory _y21st century. |
|
| 650 | 0 |
_aArchitecture _zIndia _xHistory _y21st century _vPictorial works. |
|
| 650 | 0 |
_aArchitects _zIndia _vBiography. |
|
| 942 | _2ddc | ||